000 00611nam a2200229Ia 4500
003 OSt
005 20220928125620.0
006 a|||||r|||| 00| 0
007 ta
008 220927b |||||||| |||| 00| 0 eng d
024 _a145515
037 _cTextual
040 _aSDCL
_cSDCL
_beng
041 _2eng
_aeng
082 _aY:6.2'N6, K6
100 _aRosen George
_9455781
245 0 _aDemocracy and economic change in India
260 _aBombay
_bVora Publishers
_c1966
300 _axviii,326p
_ccm.
942 _hY:6.2'N6, K6
_cTEXL
_2CC
999 _c783239
_d783239